000
00216 a2200109 4500
001
126817
040
_c
Escola Canadense de Niteroi
090
_a
MP
245
1
0
_a
Rhyming words
490
0
_a
Dr. Seuss
942
_c
MATP
999
_c
126817
_d
126817